[Event "Titled Tuesday intern op 23rd Apr Late"]
[Site "Chess.com INT"]
[Date "2024.04.23"]
[Round "5"]
[White "Munoz Pantoja, Miguel Angel"]
[Black "Hakobyan, Aram"]
[Result "0-1"]
[WhiteElo "2347"]
[BlackElo "2619"]
[PlyCount "122"]
[EventDate "2024.04.23"]
[EventType "swiss (blitz)"]
[EventRounds "11"]
[EventCountry "USA"]
[SourceTitle "CB18_2024"]
[SourceDate "2024.05.01"]
[SourceVersion "1"]
[SourceVersionDate "2024.05.01"]
[SourceQuality "2"]

1. e4 c6 2. Nc3 d5 3. Nf3 Bg4 4. Be2 e6 5. 0-0 Nf6 6. e5 Nfd7 7. d4 c5 8. Bg5 Qb6 9. dxc5 Nxc5 10. Nd4 Bxe2 11. Qxe2 Nc6 12. Be3 Nxd4 13. Bxd4 Qc6 14. Qg4 h5 15. Qg5 h4 16. h3 g6 17. Rad1 Be7 18. Qe3 Rh5 19. Rfe1 Rc8 20. a3 a6 21. Qd2 b5 22. f3 Nd7 23. Qe3 Rb8 24. Rd2 Nb6 25. Bxb6 Rxb6 26. Ne2 b4 27. Nd4 Qc7 28. axb4 Rxb4 29. c3 Rc4 30. f4 a5 31. b3 Rc5 32. Rd3 Kf8 33. Ra1 Kg7 34. Kh1 Rh8 35. Rf1 Rc8 36. Rf3 Qb8 37. g4 hxg3 38. Rxg3 Rh8 39. f5 exf5 40. Nxf5+ Kf8 41. Nxe7 d4 42. cxd4 Qb7+ 43. d5 Qxe7 44. Kg2 Rc2+ 45. Kf3 Rh5 46. Qd4 Rf5+ 47. Qf4 Rxf4+ 48. Kxf4 Rf2+ 49. Rgf3 Rxf3+ 50. Rxf3 Qh4+ 51. Ke3 Ke7 52. Rf4 Qxh3+ 53. Ke4 Qxb3 54. d6+ Kd7 55. Rf6 Qc4+ 56. Ke3 Qd5 57. Kf4 Qd4+ 58. Kg5 Qxe5+ 59. Kh6 Qxf6 60. Kh7 g5 61. Kg8 g4 0-1

[Event "Titled Tuesday intern op 02nd Apr Late"]
[Site "Chess.com INT"]
[Date "2024.04.02"]
[Round "6"]
[White "Aliyev, Ravan"]
[Black "Munoz Pantoja, Miguel Angel"]
[Result "1/2-1/2"]
[WhiteElo "2352"]
[BlackElo "2347"]
[PlyCount "182"]
[EventDate "2024.04.02"]
[EventType "swiss (blitz)"]
[EventRounds "11"]
[EventCountry "USA"]
[SourceTitle "CB15_2024"]
[SourceDate "2024.04.10"]
[SourceVersion "1"]
[SourceVersionDate "2024.04.10"]
[SourceQuality "1"]

1. d4 c5 2. e3 Nf6 3. Nf3 g6 4. dxc5 Qa5+ 5. Nbd2 Qxc5 6. a3 Qc7 7. b4 Bg7 8. Bb2 0-0 9. Be2 b6 10. 0-0 Bb7 11. c4 d6 12. Rc1 a5 13. Qb3 axb4 14. axb4 e5 15. Nb1 Ne4 16. Nfd2 Nd7 17. Nxe4 Bxe4 18. Nc3 Bc6 19. Nd5 Qd8 20. Ra1 Kh8 21. Rxa8 Qxa8 22. Ra1 Qb7 23. Bf3 f5 24. b5 Bxd5 25. Bxd5 Qc7 26. Qa3 Nc5 27. Qa7 Qd8 28. f4 Bf6 29. fxe5 Bxe5 30. Bxe5+ dxe5 31. Kh1 e4 32. h3 Qf6 33. Rf1 g5 34. Bc6 Qd8 35. Qa1+ Qf6 36. Qxf6+ Rxf6 37. Rd1 f4 38. exf4 Rxf4 39. Rd8+ Kg7 40. Re8 Kf7 41. Kg1 h6 42. Re5 Kf6 43. Re8 Kf7 44. g3 Rf3 45. Kg2 Rc3 46. Re5 Rc2+ 47. Kf1 Rxc4 48. Bd5+ Kf6 49. Re8 Rb4 50. Bc6 Rb2 51. Bxe4 Rxb5 52. Bd5 Rb2 53. Rh8 Kg7 54. Rg8+ Kf6 55. Rh8 Kg7 56. Rg8+ Kh7 57. Rc8 Rd2 58. Bc4 Rd6 59. Be2 Kg7 60. Rc7+ Kf6 61. Kf2 Ne6 62. Rb7 Nd4 63. Bh5 Ke5 64. Re7+ Re6 65. Rh7 b5 66. Rd7 Rd6 67. Rb7 Kd5 68. Bf7+ Kc5 69. Ke3 Nf5+ 70. Ke4 Rf6 71. Ke5 Nd6 72. Rc7+ Kb6 73. Kxf6 Kxc7 74. Bb3 Ne4+ 75. Kg6 Nxg3 76. Kxh6 Ne4 77. Bc2 Nf2 78. Bf5 Nxh3 79. Bxh3 b4 80. Kxg5 b3 81. Bf5 b2 82. Bb1 Kd6 83. Bc2 Kc5 84. Bb1 Kd4 85. Bh7 Ke3 86. Bg6 Kd2 87. Bb1 Kc1 88. Bg6 Kd1 89. Bb1 Kc1 90. Ba2 Kd2 91. Bb1 Kc1 1/2-1/2

[Event "Titled Tuesday intern op 02nd Apr Late"]
[Site "Chess.com INT"]
[Date "2024.04.02"]
[Round "7"]
[White "Hamitevici, Vladimir"]
[Black "Munoz Pantoja, Miguel Angel"]
[Result "1-0"]
[WhiteElo "2445"]
[BlackElo "2347"]
[PlyCount "83"]
[EventDate "2024.04.02"]
[EventType "swiss (blitz)"]
[EventRounds "11"]
[EventCountry "USA"]
[SourceTitle "CB15_2024"]
[SourceDate "2024.04.10"]
[SourceVersion "1"]
[SourceVersionDate "2024.04.10"]
[SourceQuality "1"]

1. e4 d5 2. d3 Nf6 3. Nd2 e5 4. Ngf3 Nc6 5. Be2 Bd6 6. c3 Be6 7. b4 0-0 8. a3 Ne7 9. c4 dxe4 10. Nxe4 Nxe4 11. dxe4 Ng6 12. c5 Be7 13. 0-0 c6 14. Qc2 Qc7 15. Be3 b5 16. cxb6 axb6 17. Rfc1 Rfc8 18. Nd2 c5 19. bxc5 Bxc5 20. Bxc5 Qxc5 21. Qxc5 bxc5 22. g3 Nf8 23. a4 Bd7 24. Nc4 Rcb8 25. Nxe5 Bxa4 26. Rxc5 Bb3 27. Rca5 Rxa5 28. Rxa5 Ne6 29. Nc6 Re8 30. Bb5 Rf8 31. f4 Kh8 32. e5 Bc2 33. Bc4 h6 34. Bxe6 fxe6 35. Nd4 Bf5 36. Ra6 Bh3 37. Nxe6 Rc8 38. Nd4 Rc4 39. Rd6 Rb4 40. e6 Kg8 41. Rd8+ Kh7 42. e7 1-0

[Event "Titled Tuesday intern op 02nd Apr Late"]
[Site "Chess.com INT"]
[Date "2024.04.02"]
[Round "9"]
[White "Munoz Pantoja, Miguel Angel"]
[Black "Lin, Bryan Enming"]
[Result "0-1"]
[WhiteElo "2347"]
[BlackElo "2087"]
[PlyCount "62"]
[EventDate "2024.04.02"]
[EventType "swiss (blitz)"]
[EventRounds "11"]
[EventCountry "USA"]
[SourceTitle "CB15_2024"]
[SourceDate "2024.04.10"]
[SourceVersion "1"]
[SourceVersionDate "2024.04.10"]
[SourceQuality "1"]

1. e4 e5 2. d4 exd4 3. Qxd4 Nc6 4. Qe3 Nf6 5. Bd2 Bb4 6. c3 Ba5 7. c4 Bxd2+ 8. Nxd2 0-0 9. 0-0-0 d6 10. f3 a6 11. Ne2 b5 12. Nf4 bxc4 13. Nxc4 Qe7 14. g4 Be6 15. g5 Nd7 16. Rg1 Nde5 17. Qc3 Bxc4 18. Bxc4 Nxc4 19. Qxc4 Ne5 20. Qc3 c6 21. h4 a5 22. h5 f6 23. g6 h6 24. Rg2 Rfb8 25. Rgd2 Rd8 26. Qb3+ Kh8 27. Qe6 Qa7 28. Rxd6 Qe3+ 29. Kb1 Re8 30. Qb3 Qxf4 31. Qb7 Qxf3 0-1

[Event "Titled Tuesday intern op 02nd Apr Early"]
[Site "Chess.com INT"]
[Date "2024.04.02"]
[Round "3"]
[White "Munoz Pantoja, Miguel Angel"]
[Black "Perunovic, Milos"]
[Result "0-1"]
[WhiteElo "2347"]
[BlackElo "2531"]
[PlyCount "62"]
[EventDate "2024.04.02"]
[EventType "swiss (blitz)"]
[EventRounds "11"]
[EventCountry "USA"]
[SourceTitle "CB15_2024"]
[SourceDate "2024.04.10"]
[SourceVersion "1"]
[SourceVersionDate "2024.04.10"]
[SourceQuality "1"]

1. e4 c5 2. g3 Nc6 3. Bg2 g6 4. Ne2 Bg7 5. c3 e5 6. d3 d6 7. Be3 Nge7 8. 0-0 0-0 9. f4 f5 10. Nd2 Kh8 11. Nf3 b6 12. Qd2 Be6 13. a3 a5 14. exf5 Bxf5 15. fxe5 dxe5 16. d4 exd4 17. cxd4 Nd5 18. Bh6 Ra7 19. Bxg7+ Rxg7 20. dxc5 bxc5 21. Nh4 Rd7 22. Qh6 Nd4 23. Nxd4 cxd4 24. g4 Ne3 25. gxf5 Rg7 26. Rf3 gxf5 27. Rg3 Rfg8 28. Ng6+ Rxg6 29. Rxg6 Rxg6 30. Qf4 Rxg2+ 31. Kh1 Qd5 0-1

[Event "Iberoamerican-ch Rapid"]
[Site "Sant Boi"]
[Date "2023.12.09"]
[Round "8"]
[White "Cuartas, Jaime Alexander"]
[Black "Munoz Pantoja, Miguel Angel"]
[Result "0-1"]
[WhiteElo "2526"]
[BlackElo "2340"]
[PlyCount "82"]
[EventDate "2023.12.09"]
[EventType "swiss (rapid)"]
[EventRounds "9"]
[EventCountry "ESP"]
[SourceTitle "CB50_2023"]
[SourceDate "2023.12.13"]
[SourceVersion "1"]
[SourceVersionDate "2023.12.13"]
[SourceQuality "1"]

1. e4 d5 2. exd5 Qxd5 3. Nc3 Qa5 4. Bc4 Nf6 5. d3 Bg4 6. f3 Bd7 7. Qe2 Nc6 8. Qf2 Qb6 9. Qxb6 cxb6 10. Nge2 e6 11. a3 a6 12. Ne4 Be7 13. Be3 b5 14. Ba2 b4 15. axb4 Nxb4 16. Bb1 Rc8 17. c3 Nbd5 18. Bd2 0-0 19. d4 Bb5 20. Kf2 Nd7 21. Rc1 e5 22. dxe5 Nxe5 23. Nd4 Nd3+ 24. Bxd3 Bxd3 25. Nf5 Bd8 26. g4 g6 27. Nfd6 Rc6 28. c4 Nf6 29. Bb4 Bxe4 30. Nxe4 Nxe4+ 31. fxe4 Re8 32. b3 Rxe4 33. Kf3 Re8 34. Re1 Rf6+ 35. Kg2 Rfe6 36. Rxe6 Rxe6 37. Rd1 Be7 38. Bxe7 Rxe7 39. Kf3 h6 40. b4 Kg7 41. c5 Kf6 0-1

[Event "Iberoamerican-ch Rapid"]
[Site "Sant Boi"]
[Date "2023.12.09"]
[Round "5"]
[White "Martin Gonzalez, Angel"]
[Black "Munoz Pantoja, Miguel Angel"]
[Result "0-1"]
[WhiteElo "2191"]
[BlackElo "2340"]
[PlyCount "74"]
[EventDate "2023.12.09"]
[EventType "swiss (rapid)"]
[EventRounds "9"]
[EventCountry "ESP"]
[SourceTitle "CB50_2023"]
[SourceDate "2023.12.13"]
[SourceVersion "1"]
[SourceVersionDate "2023.12.13"]
[SourceQuality "1"]

1. e4 c5 2. Nf3 Nc6 3. d4 cxd4 4. Nxd4 e5 5. Nb5 d6 6. N1c3 a6 7. Na3 Be6 8. Nc4 b5 9. Ne3 Nf6 10. Be2 Be7 11. 0-0 0-0 12. Bf3 Nd4 13. Ncd5 Nxd5 14. Nxd5 Bxd5 15. exd5 Rc8 16. c3 Nxf3+ 17. Qxf3 Qb6 18. Qd3 f5 19. Be3 Qb7 20. f3 g6 21. Rfd1 Bf6 22. Rd2 Rc4 23. a4 e4 24. fxe4 Rxe4 25. axb5 axb5 26. Ra7 Qb8 27. Ra6 b4 28. c4 Rfe8 29. Bf2 Qd8 30. c5 dxc5 31. d6 Bd4 32. Qc4+ Kg7 33. Bxd4+ cxd4 34. Rxd4 Qg5 35. Rxe4 Rxe4 36. Qc5 Qd2 37. h3 Re1+ 0-1

[Event "Catalunya-chT Gp2 Final"]
[Site "Barcelona"]
[Date "2023.03.11"]
[Round "1.4"]
[White "Ortin Blanco, Inigo"]
[Black "Munoz Pantoja, Miguel Angel"]
[Result "1/2-1/2"]
[WhiteElo "2286"]
[BlackElo "2339"]
[PlyCount "101"]
[EventDate "2023.03.11"]
[EventType "team-k.o."]
[EventRounds "4"]
[EventCountry "ESP"]
[SourceTitle "EXT 2024"]
[Source "ChessBase"]
[SourceDate "2023.10.10"]
[SourceVersion "1"]
[SourceVersionDate "2023.10.10"]
[SourceQuality "1"]
[WhiteTeam "Mollet"]
[BlackTeam "Lira Vendrellenca"]
[WhiteTeamCountry "ESP"]
[BlackTeamCountry "ESP"]

1. d4 Nf6 2. c4 e6 3. g3 c5 4. Nf3 Be7 5. Bg2 0-0 6. 0-0 d5 7. Nc3 Nc6 8. Be3 dxc4 9. dxc5 Ng4 10. Qc1 Qa5 11. Nd1 Bxc5 12. Qxc4 Nxe3 13. Nxe3 Bxe3 14. fxe3 Qb6 15. Qc3 Bd7 16. Rad1 Rfd8 17. Nd4 Rac8 18. Qb3 Qxb3 19. axb3 Nxd4 20. Rxd4 Rc7 21. Rfd1 Kf8 22. Rc4 Rxc4 23. bxc4 b6 24. Ra1 a5 25. c5 bxc5 26. Rxa5 Rb8 27. Rxc5 Rxb2 28. Kf2 Ke7 29. Rc7 Kd6 30. Ra7 f5 31. Bf3 Rb4 32. Ra6+ Ke7 33. Ra7 Rc4 34. h3 h6 35. h4 g5 36. hxg5 hxg5 37. Ra2 Kf6 38. Ra7 Be8 39. Ra8 Bb5 40. Rb8 Ba4 41. Rb6 Ke5 42. Ra6 Rb4 43. Ra5+ Kf6 44. Rc5 Bb5 45. Rc2 g4 46. Bc6 Bc4 47. Rd2 e5 48. Rd6+ Ke7 49. Rd7+ Ke6 50. Rb7 Rxb7 51. Bxb7 1/2-1/2

[Event "Catalunya-chT Gp1"]
[Site "Barcelona"]
[Date "2023.02.04"]
[Round "3.2"]
[White "Munoz Pantoja, Miguel Angel"]
[Black "Fluvia Poyatos, Joan"]
[Result "1/2-1/2"]
[WhiteElo "2359"]
[BlackElo "2463"]
[PlyCount "100"]
[EventDate "2023.01.21"]
[EventType "team-tourn"]
[EventRounds "7"]
[EventCountry "ESP"]
[SourceTitle "CBM 213 Extra"]
[Source "ChessBase"]
[SourceDate "2023.05.31"]
[SourceVersion "1"]
[SourceVersionDate "2023.05.31"]
[SourceQuality "1"]
[WhiteTeam "Lira Vendrellenca"]
[BlackTeam "Badalona Cor de Marina"]
[WhiteTeamCountry "ESP"]
[BlackTeamCountry "ESP"]

1. e4 c5 2. Nf3 d6 3. Bb5+ Nd7 4. d4 a6 5. Bxd7+ Bxd7 6. 0-0 cxd4 7. Qxd4 e5 8. Qd3 Rc8 9. c4 b5 10. Na3 Qb6 11. Be3 Qb7 12. cxb5 axb5 13. Nd2 Nf6 14. Rfc1 Rxc1+ 15. Rxc1 d5 16. exd5 Qxd5 17. Qb3 Qxb3 18. Nxb3 Bxa3 19. bxa3 Ke7 20. Bc5+ Ke6 21. Bb4 Kf5 22. Rc5 Rc8 23. Nd4+ Ke4 24. Rxc8 Bxc8 25. Nxb5 Kd3 26. a4 Ne8 27. a5 Kc4 28. Nd6+ Nxd6 29. Bxd6 Kd5 30. Bf8 g6 31. f3 f5 32. Kf2 Ba6 33. Ke3 Bf1 34. Bg7 Ke6 35. Kf2 Ba6 36. g3 Kd5 37. h4 h5 38. Ke3 Bc4 39. a3 Ba6 40. Kd2 Bf1 41. Bf6 Ke6 42. Bd8 Kd5 43. Kc3 Ba6 44. a4 Bf1 45. Bg5 Be2 46. f4 e4 47. Kd2 Ba6 48. Bd8 Kc4 49. Bb6 Kb4 50. Ke3 Kc4 1/2-1/2